The epic of the Old Testament; (Record no. 3317)

MARC details
000 -LEADER
fixed length control field 00728cam a2200229u 4500
001 - CONTROL NUMBER
control field 5938348
003 - CONTROL NUMBER IDENTIFIER
control field GBCCL
005 - DATE AND TIME OF LATEST TRANSACTION
control field 20241126110452.0
008 - FIXED-LENGTH DATA ELEMENTS--GENERAL INFORMATION
fixed length control field 820610s1930 enk 000 0 eng
010 ## -
-- 30023818
040 ## - CATALOGING SOURCE
Original cataloging agency DLC
Transcribing agency CarP
Modifying agency DLC
050 00 -
-- BS1091
-- .W6
082 ## - DEWEY DECIMAL CLASSIFICATION NUMBER
Classification number 221.9
Item number WOO
130 0# -
-- Bible.
-- Old Testament.
-- Selections.
-- English.
-- 1930.
-- 6806
245 14 - TITLE STATEMENT
Title The epic of the Old Testament;
260 ## - PUBLICATION, DISTRIBUTION, ETC.
Place of publication, distribution, etc. London,
Name of publisher, distributor, etc. Oxford University Press,
Date of publication, distribution, etc. 1930.
300 ## - PHYSICAL DESCRIPTION
Extent xviii, 222 p.
Dimensions 20 cm.
650 ## - SUBJECT ADDED ENTRY--TOPICAL TERM
Topical term or geographic name entry element Bible
Form subdivision Old Testament
General subdivision historical background
9 (RLIN) 6807
700 1# - ADDED ENTRY--PERSONAL NAME
Personal name Wood, Arthur Henry,
Dates associated with a name 1870- [from old catalog]
Relator term ed.
9 (RLIN) 6808
906 ## - LOCAL DATA ELEMENT F, LDF (RLIN)
a 0
b cbc
c premunv
d u
e ncip
f 19
g y-gencatlg
942 ## - ADDED ENTRY ELEMENTS (KOHA)
Source of classification or shelving scheme Dewey Decimal Classification
Koha item type Books
Koha issues (borrowed), all copies 1
Holdings
Withdrawn status Lost status Source of classification or shelving scheme Damaged status Not for loan Home library Current Library Shelving location Date acquired Total checkouts Full call number Barcode Date last seen Date last checked out Copy number Price effective from Koha item type
    Dewey Decimal Classification     GRACE BIBLE COLLEGE GRACE BIBLE COLLEGE Biblical Studies 2017-11-24 1 221.9 WOO 005380 2025-05-01 2019-08-30 c.1 2017-11-24 Books
© Grace Bible College Library 2025